000 00505nam a2200181 i 4500
001 186630
003 SpMaBN
005 20230906222717.0
008 161209s1955 sp |||| | spa d
080 _a821.134.2-1"19"
080 _a398(460.22)
100 1 _aGómez Latorre, Adelino.
_958008
245 1 0 _aCarasol baturro /
_cAdelino Gómez Latorre.
260 _aValencia :
_b[Genovés,
_c1955]
300 _a129 p. ;
_c17 cm.
650 4 _aFolklore-
_zAragón.
_9161420
852 _aES-MaACL
_jL-31019
999 _c186630
_d186630